Битумно-минеральные материалы

מידע ביבליוגרפי
מחבר ראשי: Иноземцев А. А. Андрей Алексеевич
שפה:רוסית
יצא לאור: Ленинград, Стройиздат, 1972
נושאים:
פורמט: ספר
KOHA link:https://koha.lib.tpu.ru/cgi-bin/koha/opac-detail.pl?biblionumber=91618

MARC

LEADER 00000nam0a2200000 4500
001 91618
005 20231031104148.0
035 |a (RuTPU)RU\TPU\book\98207 
090 |a 91618 
100 |a 20060228d1972 m y0rusy50 ca 
101 0 |a rus 
102 |a RU 
105 |a a z 001zy 
200 1 |a Битумно-минеральные материалы  |f А. А, Иноземцев 
210 |a Ленинград  |c Стройиздат  |d 1972 
215 |a 151 с.  |c ил. 
320 |a Библиогр.: с. 150 
610 1 |a мастики 
610 1 |a мастики битумные 
610 1 |a асфальтобетон 
610 1 |a свойства 
610 1 |a прочность 
675 |a 624.91.16  |v 3 
675 |a 624.91.32  |v 3 
675 |a 666.97  |v 3 
700 1 |a Иноземцев  |b А. А.  |g Андрей Алексеевич 
801 1 |a RU  |b 63413507  |c 20060228  |g PSBO 
801 2 |a RU  |b 63413507  |c 20060316  |g PSBO 
942 |c BK